[Event "German Bundesliga 2021-22"]
[Site "Germany"]
[Date "2022.03.05"]
[Round "1.16"]
[White "Hoenig, Alexander"]
[Black "Koellner, Ruben Gideon"]
[Result "0-1"]
[WhiteElo "2209"]
[BlackElo "2441"]
[Annotator "NA"]
[PlyCount "102"]
[EventDate "2022.03.05"]
[EventType "team-tourn"]
[EventCountry "GER"]
[SourceTitle "playchess.com"]
[Source "ChessBase"]
[SourceQuality "1"]
[TimeControl "40/5400+30:1800+30"]

1. Nf3 {[%emt 0:00:00]} d5 {[%emt 0:00:00]} 2. d4 {[%emt 0:00:00]} e6 {[%emt 0:00:00]} 3. Bf4 {[%emt 0:00:00]} c5 {[%emt 0:00:00]} 4. c3 {[%emt 0:00:00]} Bd6 {[%emt 0:00:00]} 5. Bxd6 {[%emt 0:00:00]} Qxd6 {[%emt 0:00:00]} 6. e3 {[%emt 0:00:00]} Nc6 {[%emt 0:00:00]} 7. Nbd2 {[%emt 0:00:00]} Nf6 {[%emt 0:00:00]} 8. a3 {[%emt 0:00:07]} e5 {[%emt 0:09:00]} 9. dxe5 {[%emt 0:04:00]} Nxe5 {[%emt 0:00:11]} 10. Nxe5 {[%emt 0:00:10]} Qxe5 {[%emt 0:00:07]} 11. Bb5+ {[%emt 0:00:29]} Kf8 {[%emt 0:01:49]} 12. Nf3 {[%emt 0:02:38]} Qc7 {[%emt 0:00:54]} 13. Be2 {[%emt 0:06:02]} g6 {[%emt 0:04:04]} 14. O-O {[%emt 0:21:42]} Be6 {[%emt 0:03:53]} 15. Qc2 {[%emt 0:03:56]} Bf5 {[%emt 0:06:14]} 16. Qc1 {[%emt 0:02:26]} Re8 {[%emt 0:06:30]} 17. Re1 {[%emt 0:03:12]} c4 {[%emt 0:02:34]} 18. Rd1 {[%emt 0:06:25]} Kg7 {[%emt 0:01:01]} 19. Rd4 {[%emt 0:01:17]} h5 {[%emt 0:02:20]} 20. h4 {[%emt 0:05:24]} Ng4 {[%emt 0:23:36]} 21. Rf4 {[%emt 0:02:19]} Qxf4 {[%emt 0:19:56]} 22. exf4 {[%emt 0:00:28]} Rxe2 {[%emt 0:00:05]} 23. Nd4 {[%emt 0:02:18]} Rxf2 {[%emt 0:00:13]} 24. Nxf5+ {[%emt 0:00:27]} gxf5 {[%emt 0:00:06]} 25. Qe1 {[%emt 0:07:47]} Rh6 {[%emt 0:01:58]} 26. Rd1 {[%emt 0:11:25]} Re6 {[%emt 0:04:06]} 27. Qxf2 {[%emt 0:00:20]} Nxf2 {[%emt 0:00:05]} 28. Kxf2 {[%emt 0:00:11]} Rb6 {[%emt 0:00:49]} 29. Rd2 {[%emt 0:00:12]} Kf6 {[%emt 0:01:20]} 30. Ke3 {[%emt 0:00:34]} Ke6 {[%emt 0:03:20]} 31. Kd4 {[%emt 0:00:35]} f6 {[%emt 0:00:54]} 32. Re2+ {[%emt 0:00:11]} Kd6 {[%emt 0:00:08]} 33. g3 {[%emt 0:01:04]} Rb5 {[%emt 0:02:11]} 34. a4 {[%emt 0:07:37]} Rb6 {[%emt 0:00:05]} 35. Re8 {[%emt 0:02:24]} Rxb2 {[%emt 0:00:35]} 36. Rd8+ {[%emt 0:00:11]} Kc6 {[%emt 0:01:40]} 37. Rc8+ {[%emt 0:00:27]} Kd7 {[%emt 0:00:23]} 38. Rh8 {[%emt 0:03:52]} Rd2+ {[%emt 0:00:31]} 39. Kc5 {[%emt 0:00:27]} b6+ {[%emt 0:00:41]} 40. Kb5 {[%emt 0:00:13]} Rb2+ {[%emt 0:00:28]} 41. Ka6 {[%emt 0:30:15]} d4 {[%emt 0:30:43]} 42. cxd4 {[%emt 0:01:06]} c3 {[%emt 0:00:09]} 43. Kb7 {[%emt 0:00:37]} c2 {[%emt 0:00:29]} 44. Rc8 {[%emt 0:00:14]} Kd6 {[%emt 0:00:55]} 45. Kxa7 {[%emt 0:01:36]} Kd5 {[%emt 0:00:18]} 46. Ka6 {[%emt 0:00:46]} Kxd4 {[%emt 0:00:11]} 47. a5 {[%emt 0:01:19]} bxa5 {[%emt 0:00:07]} 48. Kxa5 {[%emt 0:00:08]} Kd3 {[%emt 0:00:02]} 49. Rd8+ {[%emt 0:01:15]} Kc3 {[%emt 0:00:05]} 50. Rc8+ {[%emt 0:00:10]} Kb3 {[%emt 0:00:06]} 51. Rb8+ {[%emt 0:00:08]} Ka2 {[%emt 0:00:05]} 0-1

[Event "German Bundesliga 2021-22"]
[Site "Germany"]
[Date "2022.03.05"]
[Round "1.16"]
[White "Ciolek, Andreas"]
[Black "Acikel, Mert"]
[Result "1-0"]
[WhiteElo "2194"]
[BlackElo "2177"]
[Annotator "NA"]
[PlyCount "85"]
[EventDate "2022.03.05"]
[EventType "team-tourn"]
[EventCountry "GER"]
[SourceTitle "playchess.com"]
[Source "ChessBase"]
[SourceQuality "1"]
[TimeControl "40/5400+30:1800+30"]

1. d4 {[%emt 0:00:00]} d5 {[%emt 0:00:00]} 2. Nf3 {[%emt 0:00:00]} Nf6 {[%emt 0:00:00]} 3. g3 {[%emt 0:00:00]} e6 {[%emt 0:00:00]} 4. Bg2 {[%emt 0:00:00]} Be7 {[%emt 0:00:00]} 5. O-O {[%emt 0:00:00]} O-O {[%emt 0:00:00]} 6. c4 {[%emt 0:00:00]} c6 {[%emt 0:00:00]} 7. Qc2 {[%emt 0:00:00]} Nbd7 {[%emt 0:00:00]} 8. Nbd2 {[%emt 0:00:00]} b6 {[%emt 0:00:00]} 9. e4 {[%emt 0:00:00]} Bb7 {[%emt 0:00:00]} 10. e5 {[%emt 0:00:00]} Ne8 {[%emt 0:00:00]} 11. cxd5 {[%emt 0:00:00]} cxd5 {[%emt 0:00:00]} 12. Re1 {[%emt 0:00:00]} Rc8 {[%emt 0:00:00]} 13. Qd1 {[%emt 0:00:00]} Qc7 {[%emt 0:00:26]} 14. Nb1 {[%emt 0:00:06]} b5 {[%emt 0:19:14]} 15. a3 {[%emt 0:00:41]} a5 {[%emt 0:03:30]} 16. Bf1 {[%emt 0:03:06]} b4 {[%emt 0:14:30]} 17. Bd3 {[%emt 0:06:28]} h6 {[%emt 0:07:21]} 18. Bf4 {[%emt 0:14:51]} Nb6 {[%emt 0:06:09]} 19. axb4 {[%emt 0:15:34]} axb4 {[%emt 0:00:47]} 20. b3 {[%emt 0:01:30]} Qd8 {[%emt 0:23:13]} 21. h4 {[%emt 0:02:31]} Ra8 {[%emt 0:01:13]} 22. Nbd2 {[%emt 0:04:12]} Nc7 {[%emt 0:02:40]} 23. Qe2 {[%emt 0:02:06]} Ra3 {[%emt 0:02:50]} 24. Rac1 {[%emt 0:06:02]} Ba6 {[%emt 0:04:14]} 25. Bxa6 {[%emt 0:05:33]} Nxa6 {[%emt 0:00:09]} 26. Qb5 {[%emt 0:01:26]} Na8 {[%emt 0:03:13]} 27. Rc2 {[%emt 0:04:13]} N8c7 {[%emt 0:02:34]} 28. Qd3 {[%emt 0:00:57]} Qd7 {[%emt 0:00:51]} 29. g4 {[%emt 0:05:37]} Nb5 {[%emt 0:02:48]} 30. h5 {[%emt 0:03:33]} f5 {[%emt 0:03:31]} 31. exf6 {[%emt 0:01:52]} Bxf6 {[%emt 0:00:33]} 32. Be5 {[%emt 0:04:20]} Nc3 {[%emt 0:02:21]} 33. Nb1 {[%emt 0:02:06]} Nxb1 {[%emt 0:03:46]} 34. Rxb1 {[%emt 0:00:05]} Qf7 {[%emt 0:00:15]} 35. Kg2 {[%emt 0:03:44]} Nb8 {[%emt 0:01:13]} 36. Rbc1 {[%emt 0:02:04]} Nd7 {[%emt 0:00:19]} 37. Bxf6 {[%emt 0:09:34]} Qxf6 {[%emt 0:00:33]} 38. Rc7 {[%emt 0:01:44]} Qf4 {[%emt 0:00:45]} 39. Rxd7 {[%emt 0:03:47]} Qxg4+ {[%emt 0:00:12]} 40. Kf1 {[%emt 0:00:57]} Qxf3 {[%emt 0:00:47]} 41. Rxg7+ {[%emt 0:00:00]} Kxg7 {[%emt 0:00:00]} 42. Rc7+ {[%emt 0:00:00]} Rf7 {[%emt 0:00:00]} 43. Qxf3 {[%emt 0:00:00]} 1-0

[Event "German Bundesliga 2021-22"]
[Site "Germany"]
[Date "2022.03.06"]
[Round "2.1"]
[White "Amin, Bassem"]
[Black "Bartel, Mateusz"]
[Result "1/2-1/2"]
[WhiteElo "2682"]
[BlackElo "2616"]
[Annotator "TA"]
[PlyCount "84"]
[EventDate "2022.03.05"]
[EventType "team-tourn"]
[EventCountry "GER"]
[SourceTitle "playchess.com"]
[Source "ChessBase"]
[SourceQuality "1"]

{[%evp 16,84,0,0,33,23,15,4,12,0,0,-7,18,23,11,6,13,11,19,5,5,0,10,12,17,15,16,0,0,0,18,22,19,4,33,0,0,0,0,0,0,-6,-10,-75,0,-5,-2,-5,0,-72,68,65,79,73,77,48,241,48,48,8,48,0,0,0,0,0,0,0,0,0,0]} 1. e4 e6 2. d3 d5 3. Nd2 Nf6 4. Ngf3 Nc6 5. c3 Bd6 6. g3 O-O 7. Bg2 dxe4 8. dxe4 e5 9. O-O b5 {[%cal Bb7b5,Bb5b4][%mdl 32] [#] A07: Réti Opening: New York and Capablanca Systems.} 10. Re1 $146 ({Predecessor:} 10. Qe2 Rb8 11. Rd1 Qe8 12. Nh4 Ne7 13. Nb3 Be6 14. Bg5 Qc8 15. Bxf6 gxf6 16. Qe3 b4 17. Nc5 {1-0 (32) Bush,F (2045)-Baba,J (1935) ICCF email 2006}) 10... Be6 11. Bf1 {[%cal Bg2f1,Bf1c4,Bc4a2,Ba2d5][%mdl 32]} Rb8 12. a4 b4 13. Nc4 Bxc4 14. Bxc4 Na5 {[%cal Bc6a5,Ba5b3,Bb3c1][%mdl 32]} 15. Qe2 bxc3 16. bxc3 Qe7 17. Ba2 Nb3 {Pair of Knights!} 18. Rb1 Nxc1 19. Rexc1 Nd7 20. a5 Nc5 21. Bd5 g6 22. h4 Rxb1 (22... h5 {with more complications.} 23. Kg2 Kg7 24. Qe3 Rxb1 25. Rxb1 Qe8) 23. Rxb1 {[%cal Oh4h5]} h5 24. Ne1 Kg7 25. Nc2 Qd7 26. Nb4 f5 27. exf5 Qxf5 28. Rf1 e4 {White should prevent ...Qh3.} 29. Qe3 (29. c4 $11) 29... Kh7 ({Black should try} 29... Qh3 $1 $17 30. Qg5 Rf3) 30. Kg2 Qg4 31. f4 Ne6 32. f5 {[#]} (32. Bxe4 $2 Nxf4+ 33. Rxf4 Bxf4 $19) (32. Bxe6 $11 {keeps the balance.} Qxe6 33. Re1) 32... Nc5 ({Black should play} 32... Nf4+ $1 $17 33. Rxf4 Bxf4 34. Qxf4 Qe2+ 35. Kh3 Rxf5 36. Qxe4 Qxe4 37. Bxe4 Rxa5) 33. fxg6+ $1 $14 Qxg6 {[%cal Od6g3]} 34. Rxf8 {Really sharp! Active counter play!} Bxf8 35. Nc6 a6 {[#]} (35... Qf5 $1 $14 36. Bc4 a6) 36. c4 $2 (36. Qf4 $1 $18 {[%cal Rf4f8]} Ne6 37. Bxe6 (37. Qxe4 Qxe4+ 38. Bxe4+ Kh6 $16) 37... Qxe6 38. Nd4 (38. Qxf8 Qxc6 39. Qe7+ Kg8 $14) (38. Qxc7+ Bg7 $11)) 36... Bd6 37. Nd8 Kg7 (37... Qf6 $5 {[%cal Rf6d8]} 38. Nf7 Kg7 $16) 38. Nf7 (38. Nb7 $1 $14 {is superior.} Qg4 39. Nxc5 (39. Nxd6 cxd6 40. Qf2 Qg6 $11) 39... Bxc5 40. Qxe4 (40. Qxc5 Qf3+ 41. Kh2 Qe2+ 42. Kh3 Qf1+ 43. Kh2 Qe2+ 44. Kh3 Qf1+ 45. Kh2 Qe2+ $11) 40... Qxe4+ 41. Bxe4) 38... Qf6 {The position is equal.} 39. Ng5 ({Much less strong is} 39. Nxd6 $6 cxd6 40. Bxe4 Qe5 $16) 39... Qb2+ 40. Kh3 Qa1 {[%cal Ra1h1]} 41. Kg2 {To avoid Qh1+} Qb2+ 42. Kh3 Qa1 {Weighted Error Value: White=0.25 (precise) /Black=0.28 (precise)} 1/2-1/2

[Event "German Bundesliga 2021-22"]
[Site "Germany"]
[Date "2022.03.06"]
[Round "2.1"]
[White "McShane, Luke J"]
[Black "Keymer, Vincent"]
[Result "1/2-1/2"]
[WhiteElo "2647"]
[BlackElo "2664"]
[Annotator "TA"]
[PlyCount "54"]
[EventDate "2022.03.05"]
[EventType "team-tourn"]
[EventCountry "GER"]
[SourceTitle "playchess.com"]
[Source "ChessBase"]
[SourceQuality "1"]

{[%evp 13,54,9,6,6,0,6,15,13,24,0,0,0,0,0,0,0,0,0,0,0,0,0,0,0,0,0,154,147,149,0,0,0,0,0,0,0,0,0,0,0,0,0,0]} 1. e4 c5 2. Nf3 d6 3. Bb5+ Nd7 4. d4 cxd4 5. Qxd4 a6 6. Bxd7+ Bxd7 7. Nc3 e5 8. Qd3 {B51: Sicilian: Moscow Variation (3 Bb5+) without 3...Bd7.} Rc8 9. O-O Qc7 10. Rd1 Be6 11. a4 h6 12. Nd2 {[%cal Bf3d2,Bd2f1,Bf1e3,Be3f5,Bf5d4,Bd4f5][%mdl 32]} g6 13. Nf1 f5 14. Ne3 {[%cal Re4f5] [#]} Nf6 $146 ({Predecessor:} 14... Ne7 15. Bd2 f4 16. Ned5 Nxd5 17. Nxd5 Qxc2 18. Qf3 Bxd5 19. Rac1 Qxe4 20. Rxc8+ Kd7 21. Qxe4 Bxe4 {½-½ (31) Haug,J (2406)-Santos Ruiz,M (2560) Dubai 2019}) 15. exf5 gxf5 16. Nxf5 d5 17. Bf4 exf4 18. Nd4 $1 {Pair of Knights!} Bg8 19. Re1+ Be7 $2 (19... Kd8 $11) 20. Nf5 $1 $16 Bh7 21. Nxd5 {White is much more active.} ({But not} 21. Nxe7 $6 Bxd3 22. Nexd5+ Kf7 23. Nxc7 Bc4 $14) ({Don't take} 21. Rxe7+ $6 Qxe7 22. Nxe7 Bxd3 23. Nxc8 Bxc2 $14) (21. Nb5 axb5 22. Qxb5+ Kf8 23. Rxe7 Qxc2 24. Qxb7 Qc1+ $1 25. Re1 Qc7 26. Qb4+ Qc5 27. Qxf4 Bxf5 $11) ({White should play} 21. Re6 $1 $16 {Qh3 is the strong threat.} O-O 22. Nxe7+ Qxe7 23. Rxe7 Bxd3 24. cxd3) 21... Nxd5 $11 {The position is equal.} 22. Qxd5 Bxf5 23. Qxf5 {[%cal Oe1e7] aiming for Rxe7+!} Rd8 $1 (23... Rf8 $2 {[#]} 24. Rxe7+ $1 {[%mdl 512]} (24. Qg6+ Rf7 $11) 24... Qxe7 25. Qxc8+ Kf7 26. Qc3 $18) 24. Qg6+ Kf8 25. Qf5+ $1 Ke8 26. Qg6+ Kf8 27. Qf5+ $1 Ke8 {Weighted Error Value: White=0.08 (flawless) /Black=0.14 (very precise)} 1/2-1/2

[Event "German Bundesliga 2021-22"]
[Site "Germany"]
[Date "2022.03.06"]
[Round "2.1"]
[White "Santos Latasa, Jaime"]
[Black "Stern, Rene"]
[Result "1-0"]
[WhiteElo "2640"]
[BlackElo "2510"]
[Annotator "TA"]
[PlyCount "85"]
[EventDate "2022.03.05"]
[EventType "team-tourn"]
[EventCountry "GER"]
[SourceTitle "playchess.com"]
[Source "ChessBase"]
[SourceQuality "1"]

{[%evp 10,85,16,6,14,9,18,11,8,7,20,20,22,29,37,25,35,8,18,13,16,8,19,22,31,24,14,0,30,24,74,74,81,77,85,64,79,86,99,82,137,121,127,92,233,225,225,222,226,210,194,194,241,227,604,622,627,610,1868,1789,5397,3727,5373,484,3341,413,877,731,683,604,751,692,1559,1533,29990,29991,29991,322]} 1. e4 e5 2. Nf3 Nc6 3. Bc4 Nf6 4. d3 Bc5 5. O-O d6 6. c3 a5 {C54: Giuoco Piano: 4 c3 Nf6, main lines with 5 d4 and 5 d3.} 7. Re1 O-O 8. h3 h6 {The position is equal.} 9. Nbd2 {[%cal Bb1d2,Bd2f1,Bf1g3][%mdl 32]} Re8 10. Nf1 Ba7 11. Ng3 Be6 {[%cal Of6e4]} 12. Bb5 Bd7 13. Ba4 Ne7 {[%cal Bc6e7,Be7g6,Bg6e5][%mdl 32]} 14. Bc2 Ng6 15. d4 a4 16. Be3 {[#]} Bc6 $146 ({Predecessor:} 16... exd4 17. cxd4 b5 18. Qd2 Bc6 19. Bxh6 gxh6 20. Qxh6 Qe7 21. e5 Qf8 22. Qxf8+ Nxf8 23. exf6 Bxf3 24. gxf3 Bxd4 {1-0 (44) Pourramezanali,A (2718)-Sargsyan,S (2882) Chess.com INT 2018}) 17. Qd2 ({Reject} 17. Bxa4 Bxa4 18. Qxa4 Bxd4 $1 $15) 17... exd4 18. Bxd4 Ne5 (18... Nh7 {seems wilder.} 19. Nf5 Bxd4 20. N3xd4 Qg5 21. Qxg5 hxg5 22. Nxc6 bxc6 23. b3 a3) 19. Nh2 Bd7 (19... Nc4 $11 {remains equal.} 20. Qc1 Bd7) 20. Bxa7 $1 $16 Rxa7 {[#]} 21. f4 $1 Nc6 22. Nf3 Ra5 {To avoid e5} 23. Rad1 Qa8 24. Kh2 Qa6 (24... Kh8 $142) 25. Bb1 Bc8 26. Qc2 Kf8 {This costs Black the game.} (26... Rc5 $16 {was worth a try.}) 27. b4 $18 axb3 28. axb3 Rc5 {[#]} 29. Qb2 {Prevents Qa3.} Qb6 30. b4 Ra5 (30... Rb5 {was called for.} 31. Qd2 Bg4) 31. Qc2 Ra3 (31... Rb5 32. Qd2 Bg4) 32. e5 dxe5 33. fxe5 Ng8 34. Qh7 {Strongly threatening Nh5.} Rxc3 35. Nh5 Rxf3 36. Qxg7+ Ke7 37. gxf3 (37. e6 $142 {White threatens exf7+ and mate.} Ne5 38. exf7 Rxf7 39. Qxe5+ Be6 40. Ng7) 37... Be6 (37... Qf2+ $142 38. Qg2 Qxg2+ 39. Kxg2 Kf8) 38. Qg3 Qxb4 39. Bh7 Ra8 40. Bxg8 {Kh1 is the strong threat.} Qb2+ 41. Kh1 Ra2 42. Qh4+ Ke8 43. Ng7+ {Weighted Error Value: White=0.23 (precise) /Black=0.57} 1-0

[Event "German Bundesliga 2021-22"]
[Site "Germany"]
[Date "2022.03.16"]
[Round "2.1"]
[White "Lupulescu, Constantin"]
[Black "Banusz, Tamas"]
[Result "1/2-1/2"]
[WhiteElo "2620"]
[BlackElo "2598"]
[Annotator "TA"]
[PlyCount "46"]
[EventDate "2022.03.05"]
[EventType "team-tourn"]
[EventCountry "GER"]

{[%evp 22,46,11,11,12,18,15,14,18,0,14,5,11,6,14,0,5,0,0,0,0,0,0,0,8,-13,-9]} 1. d4 d5 2. c4 c6 3. Nf3 Nf6 4. e3 Bf5 5. Bd3 Bxd3 6. Qxd3 e6 7. O-O Nbd7 8. Nbd2 Be7 9. Rd1 O-O 10. e4 dxe4 11. Nxe4 Nxe4 12. Qxe4 {The position is equal.} Qa5 {D12: Slav Defence: 3 Nf3 Nf6 4 e3 Bf5.} 13. Bd2 Qa6 {[#]} 14. b3 $146 ({Predecessor:} 14. Qe2 Rfd8 15. a4 Qb6 16. b4 a6 17. a5 Qc7 18. Ra3 Bf6 19. Qe4 e5 20. Rd3 exd4 {½-½ (28) Jirovsky,M (2466)-Koziak,V (2493) Czech Republic 2011}) 14... Rfe8 15. Bc3 Rad8 16. Qc2 b5 17. c5 Qb7 18. b4 Nf6 19. a4 a6 $1 20. Ra3 Nd5 21. Rda1 Bf6 22. axb5 Qxb5 23. Qb2 Qc4 {A rather calm draw.  Weighted Error Value: White=0.06 (flawless) /Black=0.02 (flawless)} 1/2-1/2

[Event "German Bundesliga 2021-22"]
[Site "Germany"]
[Date "2022.03.06"]
[Round "2.2"]
[White "Pechac, Jergus"]
[Black "Fedorchuk, Sergey A."]
[Result "1/2-1/2"]
[WhiteElo "2595"]
[BlackElo "2605"]
[Annotator "TA"]
[PlyCount "57"]
[EventDate "2022.03.05"]
[EventType "team-tourn"]
[EventCountry "GER"]
[SourceTitle "playchess.com"]
[Source "ChessBase"]
[SourceQuality "1"]

{[%evp 19,57,0,6,8,21,0,9,5,8,0,9,0,0,0,0,0,0,0,0,0,17,22,14,0,6,4,13,4,4,9,9,13,15,10,11,7,10,10,14,0]} 1. d4 Nf6 2. c4 e6 3. Nc3 Bb4 4. e3 O-O 5. Bd3 c5 6. Nge2 d5 7. cxd5 cxd4 8. exd4 Nxd5 9. a3 Bd6 10. O-O Nc6 {The position is equal.} (10... Qh4 11. g3 Qh5 12. Nxd5 exd5 13. f3 $14) 11. Re1 {E48: Nimzo-Indian: Rubinstein: 5 Bd3 d5 including 6 Ne2, but excluding 6 a3.} Re8 12. Ng3 (12. Bc2 {keeps more tension.} Bd7 13. Qd3 Qh4 14. h3 Bc7 15. Ne4) 12... Be7 13. Nxd5 exd5 {[#]} 14. Be3 $146 ({Don't play} 14. Qh5 g6 15. Qh6 Bf6 16. Rxe8+ Qxe8 $15) ({Predecessor:} 14. Nh5 Bd7 15. Be3 g6 16. Nf4 Bf6 17. Nxd5 Bg7 18. Bb5 Nxd4 19. Bxd4 Bxb5 20. Bxg7 Rxe1+ 21. Qxe1 Qxd5 22. Qc3 Rd8 23. f3 Qd2 24. Qxd2 {½-½ (24) Koentges,M (2343)-Bolignano,G (2320) ICCF email 2015}) 14... g6 15. Qf3 Be6 16. b4 Bf6 17. Ne2 Bg7 18. Rac1 Rc8 19. h3 Qf6 20. Qxf6 Bxf6 21. Bb5 Red8 22. Bxc6 Rxc6 23. Rxc6 bxc6 24. Rc1 Bd7 25. Nf4 Be7 26. Nd3 {Black should prevent Ne5.} f6 {Inhibits Ne5.} 27. Nc5 Bxc5 28. Rxc5 a6 29. g4 {A balanced but interesting game.  Weighted Error Value: White=0.03 (flawless) /Black=0.03 (flawless)} 1/2-1/2

[Event "German Bundesliga 2021-22"]
[Site "Germany"]
[Date "2022.03.16"]
[Round "2.2"]
[White "Tan, Justin"]
[Black "Salgado Lopez, Ivan"]
[Result "0-1"]
[WhiteElo "2526"]
[BlackElo "2611"]
[Annotator "TA"]
[PlyCount "80"]
[EventDate "2022.03.05"]
[EventType "team-tourn"]
[EventCountry "GER"]

{[%evp 9,80,10,13,12,18,12,25,19,22,24,21,21,25,20,20,0,0,0,0,0,0,0,0,0,0,0,0,0,12,0,9,0,51,13,18,0,23,0,22,0,0,0,0,0,0,0,0,0,0,0,0,0,0,0,110,-97,-93,-212,-193,-193,-193,-193,-193,-600,-581,-29970,-29971,-29992,-29993,-29993,-29994,-29994,-29995]} 1. e4 c5 2. Nf3 d6 3. Bb5+ Nd7 4. a4 a6 5. Be2 Ngf6 6. Nc3 {B51: Sicilian: Moscow Variation (3 Bb5+) without 3...Bd7.} e6 7. O-O Be7 8. d4 {White has an edge.} cxd4 9. Qxd4 b6 10. Rd1 Qc7 11. Nd2 {[#]} Ne5 $146 ({Predecessor:} 11... O-O 12. Nc4 Rd8 13. Be3 Rb8 14. f4 e5 15. Qd2 Nc5 16. Nd5 Nxd5 17. exd5 Ne4 {1-0 (37) Duarte,L (2333)-Reinuaba Escobar,C (2232) Arica 2021}) 12. Nb3 Bb7 13. Bf4 O-O 14. Bg3 Rac8 15. Qe3 Rfd8 16. Rd4 Nc6 17. Rd2 Nd7 18. Rad1 {[%cal Rg3d6]} Nc5 19. Nc1 h6 20. N1a2 Bg5 (20... Ne5 $1 $11) 21. f4 Bf6 22. Bf3 Qe7 23. Qe1 Qe8 24. h4 Na5 25. b3 Ncxb3 26. cxb3 Bxc3 27. Nxc3 Rxc3 {[%cal Bc8c3,Bc3b3,Bb3b1,Bb1h1][%mdl 32]} 28. Rxd6 Rxd6 29. Rxd6 Rxb3 30. Qd1 {aiming for Rd8.} Qxa4 31. Rxb6 {Hoping for Be1.} Qa2 {[#]} (31... Kh7 $11 {remains equal.}) 32. Qd8+ $2 (32. Be1 $1 $16 {[%cal Re1a5][%mdl 512] Strongly threatening Bxa5.} Re3 33. Kh2 (33. Bxa5 $2 Qxa5 34. Rb1 Bxe4 $19)) 32... Kh7 $17 33. Rd6 (33. Rxb3 $17 Nxb3 34. h5) 33... Nc4 {The board is on fire.} 34. Rd7 Rb1+ 35. Kh2 {[#]} Qa1 $1 {[%csl Ga1][%cal Rb1h1]} 36. Bf2 $2 {[#]} (36. Rd1) 36... Ne5 $1 $19 {[%mdl 512]} 37. Rd2 (37. Kg3 Nxd7) 37... Nxf3+ {Black mates.} 38. gxf3 Rh1+ 39. Kg3 Qf1 {[%csl Gh1][%cal Rf1h3]} 40. f5 e5 {Weighted Error Value: White=0.55/Black=0.10 (very precise)} 0-1

[Event "German Bundesliga 2021-22"]
[Site "Germany"]
[Date "2022.03.06"]
[Round "2.2"]
[White "Rabiega, Robert"]
[Black "Bogner, Sebastian"]
[Result "1/2-1/2"]
[WhiteElo "2505"]
[BlackElo "2573"]
[Annotator "ChessBase"]
[PlyCount "64"]
[EventDate "2022.03.05"]
[EventType "team-tourn"]
[EventCountry "GER"]
[SourceTitle "playchess.com"]
[Source "ChessBase"]
[SourceQuality "1"]
[TimeControl "40/5400+30:1800+30"]

1. e4 {[%emt 0:00:00]} c5 {[%emt 0:00:00]} 2. c3 {[%emt 0:00:00]} d5 {[%emt 0:00:00]} 3. exd5 {[%emt 0:00:00]} Qxd5 {[%emt 0:00:00]} 4. d4 {[%emt 0:00:00]} g6 {[%emt 0:00:00]} 5. Nf3 {[%emt 0:00:00]} Bg7 {[%emt 0:00:00]} 6. Na3 {[%emt 0:00:00]} cxd4 {[%emt 0:00:00]} 7. Nb5 {[%emt 0:06:30]} Na6 {[%emt 0:00:00]} 8. Nbxd4 {[%emt 0:00:08]} Nf6 {[%emt 0:00:00]} 9. Bb5+ {[%emt 0:00:26]} Bd7 {[%emt 0:00:00]} 10. Bxa6 {[%emt 0:00:19]} bxa6 {[%emt 0:00:00]} 11. O-O {[%emt 0:00:08]} O-O {[%emt 0:00:00]} 12. Re1 {[%emt 0:00:14]} Rfe8 {[%emt 0:00:00]} 13. Ne5 {[%emt 0:03:39]} Rad8 {[%emt 0:26:48]} 14. Nxd7 {[%emt 0:09:39]} Nxd7 {[%emt 0:06:49]} 15. Qe2 {[%emt 0:18:46]} Nc5 {[%emt 0:05:38]} 16. Be3 {[%emt 0:01:51]} e5 {[%emt 0:06:53]} 17. Nc2 {[%emt 0:02:42]} Nd3 {[%emt 0:04:34]} 18. Nb4 {[%emt 0:00:13]} Nxb4 {[%emt 0:05:45]} 19. cxb4 {[%emt 0:00:11]} Qb5 {[%emt 0:03:41]} 20. Bxa7 {[%emt 0:17:31]} Qxb4 {[%emt 0:01:35]} 21. Rad1 {[%emt 0:02:13]} a5 {[%emt 0:04:40]} 22. b3 {[%emt 0:00:50]} a4 {[%emt 0:03:46]} 23. bxa4 {[%emt 0:11:54]} Ra8 {[%emt 0:04:17]} 24. Be3 {[%emt 0:00:10]} Qxa4 {[%emt 0:09:02]} 25. Rd2 {[%emt 0:00:28]} Red8 {[%emt 0:03:19]} 26. Red1 {[%emt 0:03:48]} Rxd2 {[%emt 0:00:05]} 27. Rxd2 {[%emt 0:00:06]} e4 {[%emt 0:00:44]} 28. g3 {[%emt 0:01:24]} Bf6 {[%emt 0:00:41]} 29. Rd6 {[%emt 0:06:12]} Be5 {[%emt 0:01:30]} 30. Rd5 {[%emt 0:00:41]} Bf6 {[%emt 0:00:48]} 31. Rd6 {[%emt 0:01:03]} Be5 {[%emt 0:00:08]} 32. Rd5 {[%emt 0:00:12]} Bf6 {[%emt 0:00:06]} 1/2-1/2